<Der> Einigungsvertrag und das Umsatzsteuerrecht.

Zmluva o zjednotení Nemecka umožňovala platnosť dvoch daňových predpisov na území krajín SRN a bývalého NDR do konca roku 1990. Zvláštne predpisy boli ustanovené vo vnútronemeckom styku tovarov a služieb. Od 1.1.1991 boli prijaté jednotné daňové predpisy pre obe časti Nemecka.

Guardado en:
Detalles Bibliográficos
Autor principal: Winter, M.
Formato: Capítulo de libro
Lenguaje:alemán
Materias:
Etiquetas: Agregar Etiqueta
Sin Etiquetas, Sea el primero en etiquetar este registro!

MARC

LEADER 00000naa a2200000 4500
001 r002848
005 20240618122426.8
041 0 |a ger 
044 |a DE 
245 1 0 |a <Der> Einigungsvertrag und das Umsatzsteuerrecht.  |c M. Winter 
520 |a Zmluva o zjednotení Nemecka umožňovala platnosť dvoch daňových predpisov na území krajín SRN a bývalého NDR do konca roku 1990. Zvláštne predpisy boli ustanovené vo vnútronemeckom styku tovarov a služieb. Od 1.1.1991 boli prijaté jednotné daňové predpisy pre obe časti Nemecka. 
610 2 0 |a dane 
610 2 0 |a Nemecko 
610 2 0 |a 1990-1991 
610 2 0 |a predpisy právne 
610 2 0 |a dane z obratu 
610 2 0 |a reformy daňové 
100 1 |a Winter, M.